[Event "CRO Champ"]
[Site "Valpovo"]
[Date "2017.04.30"]
[Round "6.5"]
[White "Zelcic, Robert"]
[Black "Bosiocic, Marin"]
[Result "0-1"]
[WhiteElo "2500"]
[BlackElo "2610"]
[PlyCount "98"]
[EventDate "2017.??.??"]

1. e4 c5 2. Nf3 e6 3. d4 cxd4 4. Nxd4 Nc6 5. Nc3 Qc7 6. Be2 Nf6 7. O-O Be7 8.
Be3 O-O 9. f4 d6 10. Kh1 Nxd4 11. Qxd4 b6 12. Bf3 Bb7 13. Rfd1 Rfd8 14. Nb5 Qb8
15. c4 Nd7 16. Qd2 Nc5 17. Qc2 a6 18. Nd4 e5 19. Nf5 Bf6 20. fxe5 Bxe5 21. Rd2
a5 22. Rad1 Qc7 23. b3 Rd7 24. Bd4 Rad8 25. h3 f6 26. a3 a4 27. b4 Nb3 28. Rd3
g6 29. Bxe5 fxe5 30. Ne3 Rf7 31. Ng4 Rff8 32. Qc3 h5 33. Ne3 Kh7 34. Nd5 Bxd5
35. Rxd5 Rf6 36. Qe3 Rdf8 37. Kh2 Nd4 38. R1xd4 exd4 39. Qxd4 R8f7 40. Qd3 b5
41. cxb5 Qc1 42. b6 Qf4+ 43. Kh1 Qg3 44. Be2 Qe1+ 45. Kh2 Rf2 46. Rxh5+ gxh5
47. e5+ Kh8 48. b7 Rxg2+ 49. Kxg2 Rf2+ 0-1

[Event "CRO Champ"]
[Site "Valpovo"]
[Date "2017.04.30"]
[Round "6.6"]
[White "Saric, Ivan"]
[Black "Jovanovic, Zoran"]
[Result "1-0"]
[WhiteElo "2609"]
[BlackElo "2533"]
[PlyCount "95"]
[EventDate "2017.??.??"]

1. e4 d5 2. exd5 Qxd5 3. Nc3 Qa5 4. d4 Nf6 5. Bd2 Bg4 6. f3 Bd7 7. Bc4 Qb6 8.
Nge2 e6 9. Be3 Nc6 10. O-O Ne7 11. Bf2 Ned5 12. Bb3 Nxc3 13. Nxc3 Qa5 14. Re1
Bb4 15. Re5 Qa6 16. Rg5 O-O 17. Bh4 Be7 18. Qd2 Kh8 19. Re1 Ng8 20. Rh5 Bxh4
21. Rxh4 Qd6 22. Ne4 Qe7 23. g3 Rad8 24. c4 h6 25. Bc2 Bc6 26. Nf2 Qf6 27. Rf4
Qg5 28. Qd3 g6 29. Qc3 Kh7 30. Re5 Qe7 31. d5 Bd7 32. h4 f6 33. Re1 e5 34. h5
Qg7 35. hxg6+ Kh8 36. Rh4 Be8 37. f4 exf4 38. Nh3 Bd7 39. Nxf4 f5 40. Nh5 Qxc3
41. bxc3 Rfe8 42. Rf1 Re2 43. Bxf5 Bxf5 44. Rxf5 Rd6 45. Nf4 Re7 46. Ne6 c6 47.
Rf7 cxd5 48. g7+ 1-0

[Event "CRO Champ"]
[Site "Valpovo"]
[Date "2017.05.01"]
[Round "7.1"]
[White "Jovanovic, Zoran"]
[Black "Martinovic, Sasa"]
[Result "1/2-1/2"]
[WhiteElo "2533"]
[BlackElo "2551"]
[PlyCount "118"]
[EventDate "2017.??.??"]
[WhiteClock "1:28:00"]
[BlackClock "1:30:00"]

1. e4 e6 2. d4 d5 3. Nc3 Nf6 4. Bg5 Bb4 5. Nge2 dxe4 6. a3 Be7 7. Bxf6 gxf6 8.
Nxe4 f5 9. N4c3 Nd7 10. g3 Nf6 11. Bg2 Qd6 12. Qd3 Bd7 13. O-O h5 14. Nb5 Qb6
15. c4 c6 16. Nbc3 h4 17. c5 Qc7 18. b4 Rd8 19. Nf4 Bc8 20. Rfe1 Kf8 21. Bf3
Nh7 22. Rad1 Ng5 23. Bg2 Bf6 24. Qe3 Kg7 25. Nce2 Rh6 26. Nd3 hxg3 27. hxg3
Rdh8 28. Nef4 R8h7 29. Ne5 Qd8 30. Kf1 Rh2 31. Ke2 Kg8 32. Rh1 Rxh1 33. Rxh1
Rxh1 34. Bxh1 Nh7 35. Nfd3 Bg7 36. a4 Nf6 37. b5 cxb5 38. axb5 Qa5 39. Nc4 Qxb5
40. Nd6 Qb1 41. Qc1 Qxc1 42. Nxc1 Bd7 43. Bxb7 Bf8 44. Nc8 Bxc8 45. Bxc8 Nd5
46. Nb3 Bg7 47. Bb7 Nc7 48. Kd3 Kf8 49. Na5 Ke8 50. Kc4 Bh6 51. f4 Bg7 52. d5
exd5+ 53. Bxd5 Nxd5 54. Kxd5 Bc3 55. Nc4 Be1 56. Nd6+ Kd7 57. c6+ Kc7 58. Nxf5
a5 59. g4 Bd2 1/2-1/2

[Event "CRO Champ"]
[Site "Valpovo"]
[Date "2017.05.01"]
[Round "7.2"]
[White "Bosiocic, Marin"]
[Black "Saric, Ivan"]
[Result "0-1"]
[WhiteElo "2610"]
[BlackElo "2609"]
[PlyCount "96"]
[EventDate "2017.??.??"]
[WhiteClock "1:30:00"]
[BlackClock "1:30:00"]

1. e4 c6 2. Nc3 d5 3. Nf3 Nf6 4. e5 Ne4 5. Ne2 Qb6 6. d4 e6 7. Nfg1 f6 8. f3
Ng5 9. exf6 gxf6 10. f4 Nf7 11. Nf3 Nd7 12. Ng3 f5 13. Nh5 Rg8 14. c3 Be7 15.
Qc2 Nf6 16. Nxf6+ Bxf6 17. Be3 Bd7 18. O-O-O Nd6 19. Kb1 O-O-O 20. Bd3 Be8 21.
Rde1 Ne4 22. c4 dxc4 23. Bxc4 Bf7 24. Rd1 Kb8 25. Rd3 Nd6 26. Rb3 Nxc4 27. Rxb6
Nxb6 28. Ne5 Be8 29. g3 Nd5 30. Bf2 Bxe5 31. fxe5 Bg6 32. Qd2 f4+ 33. Ka1 Rdf8
34. gxf4 Rxf4 35. Be3 Rf3 36. Bh6 Bf5 37. Rc1 Rh3 38. a3 Kc8 39. Rf1 b6 40.
Rxf5 exf5 41. Bf4 Rf3 42. Bg3 f4 43. Qc2 fxg3 44. Qxc6+ Nc7 45. hxg3 Rd3 46.
Qe4 Rgxg3 47. e6 Rge3 48. Qxh7 Rxd4 0-1

[Event "CRO Champ"]
[Site "Valpovo"]
[Date "2017.05.01"]
[Round "7.4"]
[White "Stevic, Hrvoje"]
[Black "Jovanic, Ognjen"]
[Result "1-0"]
[WhiteElo "2601"]
[BlackElo "2492"]
[PlyCount "85"]
[EventDate "2017.??.??"]
[WhiteClock "1:27:00"]
[BlackClock "1:30:00"]

1. e4 e5 2. Nf3 Nf6 3. Nxe5 d6 4. Nf3 Nxe4 5. d4 d5 6. Bd3 Nc6 7. O-O Be7 8.
Nbd2 Bf5 9. Re1 Nxd2 10. Qxd2 Bxd3 11. Qxd3 O-O 12. c3 h6 13. g3 Qd7 14. Bf4
Bf6 15. Re2 Rae8 16. Rae1 Rxe2 17. Qxe2 a6 18. Nd2 g5 19. Be3 Qf5 20. Nf1 Re8
21. g4 Qd7 22. Ng3 Re6 23. Qf3 Ne7 24. Bd2 Rxe1+ 25. Bxe1 Qe6 26. Bd2 Bg7 27.
h3 c6 28. a4 Qf6 29. Qe2 Qe6 30. Qf3 Qf6 31. Qxf6 Bxf6 32. Nh5 Bg7 33. f4 f6
34. h4 gxf4 35. Nxf4 Kf7 36. Nd3 b6 37. Kg2 Bf8 38. Kf3 Nc8 39. Bf4 c5 40. dxc5
bxc5 41. Be3 Nb6 42. Bxc5 Nxa4 43. Bd4 1-0

[Event "CRO Champ"]
[Site "Valpovo"]
[Date "2017.05.01"]
[Round "7.5"]
[White "Saric, Ante"]
[Black "Palac, Mladen"]
[Result "1/2-1/2"]
[WhiteElo "2544"]
[BlackElo "2573"]
[PlyCount "26"]
[EventDate "2017.??.??"]
[WhiteClock "1:30:00"]
[BlackClock "1:30:00"]

1. Nf3 d5 2. g3 g6 3. Bg2 Bg7 4. d4 Nf6 5. O-O O-O 6. c4 c6 7. b3 dxc4 8. bxc4
c5 9. Bb2 Qb6 10. Qc1 cxd4 11. Nxd4 Bd7 12. Nd2 Nc6 13. N2b3 Rac8 1/2-1/2

[Event "CRO Champ"]
[Site "Valpovo"]
[Date "2017.05.01"]
[Round "7.6"]
[White "Brkic, Ante"]
[Black "Kovacevic, Blazimir"]
[Result "1/2-1/2"]
[WhiteElo "2552"]
[BlackElo "2483"]
[PlyCount "124"]
[EventDate "2017.??.??"]
[WhiteClock "0:01:59"]
[BlackClock "1:30:00"]

1. e4 e6 2. d4 d5 3. Nc3 Bb4 4. e5 c5 5. a3 Bxc3+ 6. bxc3 Ne7 7. Qg4 O-O 8. Bd3
f5 9. exf6 Rxf6 10. Bg5 Rf7 11. Qh5 g6 12. Qd1 Qa5 13. Bd2 Nd7 14. f4 c4 15.
Be2 Nf6 16. Nf3 Nc6 17. Ng5 Rg7 18. Bf3 Bd7 19. O-O Re8 20. Re1 Nd8 21. Re2 Nf7
22. Qe1 Nd6 23. Re5 Rge7 24. g4 h6 25. Nh3 Nf7 26. Re2 Nd6 27. g5 Nfe4 28. gxh6
e5 29. fxe5 Bxh3 30. exd6 Nxd2 31. Qxd2 Rxe2 32. Bxe2 Qd8 33. Bf3 Qxd6 34. Re1
Rf8 35. Bg2 Bxg2 36. Qxg2 Kh7 37. Qg5 Rf7 38. a4 b6 39. Kg2 Qd7 40. Re2 a5 41.
Kg3 b5 42. axb5 a4 43. Rf2 Rxf2 44. Kxf2 a3 45. b6 a2 46. Qc1 Qd6 47. Kg2 Qxb6
48. Qa3 Qe6 49. Qxa2 Qe2+ 50. Kg3 Qe3+ 51. Kg4 Qg1+ 52. Kh3 Kxh6 53. Qa8 Qe3+
54. Kg4 Qe2+ 55. Kg3 Qe1+ 56. Kg4 Qe2+ 57. Kg3 Qe3+ 58. Kg4 Qe4+ 59. Kg3 Qe1+
60. Kg4 Qg1+ 61. Kh3 Qf1+ 62. Kg3 Qe1+ 1/2-1/2

[Event "CRO Champ"]
[Site "Valpovo"]
[Date "2017.05.02"]
[Round "8.1"]
[White "Martinovic, Sasa"]
[Black "Kovacevic, Blazimir"]
[Result "1/2-1/2"]
[WhiteElo "2551"]
[BlackElo "2483"]
[PlyCount "138"]
[EventDate "2017.??.??"]
[WhiteClock "1:30:00"]
[BlackClock "1:30:00"]

1. d4 d5 2. c4 e6 3. Nc3 Nf6 4. cxd5 exd5 5. Bg5 c6 6. e3 Bf5 7. Qf3 Bg6 8.
Bxf6 Qxf6 9. Qxf6 gxf6 10. Nf3 Nd7 11. Nh4 Be7 12. Ne2 f5 13. Nf3 Nf6 14. a3
Bd6 15. g3 Ke7 16. Nh4 Ne4 17. f3 Ng5 18. Kf2 Kf6 19. h3 Ne6 20. Rd1 a5 21. Ng2
Rhe8 22. h4 h6 23. Ngf4 Re7 24. Bh3 Rae8 25. Rhe1 Nf8 26. Nc1 Nd7 27. Bf1 b5
28. Nb3 Ra8 29. Rc1 Nb8 30. Rc2 a4 31. Nc5 Raa7 32. Rec1 Re8 33. Ncd3 Ra6 34.
Rc3 Kg7 35. Bh3 Re7 36. Nc5 Rb6 37. Nfd3 f4 38. gxf4 Bxd3 39. Nxd3 b4 40. axb4
Bxb4 41. R3c2 Ra7 42. Ra1 Be7 43. h5 Rb3 44. Ke2 a3 45. bxa3 Raxa3 46. Rxa3
Bxa3 47. Bc8 f6 48. Ra2 Kf7 49. Kd2 Be7 50. Ra7 Ke8 51. f5 Kd8 52. Be6 Rb5 53.
Kc2 c5 54. dxc5 Bxc5 55. Nxc5 Rxc5+ 56. Kd2 d4 57. e4 Rc3 58. f4 Rf3 59. Rh7
Rxf4 60. Rxh6 Nc6 61. Rxf6 Ne5 62. Bb3 Rxe4 63. Re6 Nf3+ 64. Kd3 Rxe6 65. fxe6
Ke7 66. h6 Ng5 67. Kxd4 Kf6 68. Kc5 Nxe6+ 69. Bxe6 Kg6 1/2-1/2

[Event "CRO Champ"]
[Site "Valpovo"]
[Date "2017.05.02"]
[Round "8.2"]
[White "Palac, Mladen"]
[Black "Brkic, Ante"]
[Result "1/2-1/2"]
[WhiteElo "2573"]
[BlackElo "2552"]
[PlyCount "93"]
[EventDate "2017.??.??"]
[WhiteClock "1:28:00"]
[BlackClock "1:30:00"]

1. e4 c5 2. Nf3 d6 3. Bb5+ Nd7 4. c3 Ngf6 5. Bd3 b6 6. O-O Bb7 7. Re1 Rc8 8.
Bc2 Qc7 9. d3 g6 10. a4 Bg7 11. Na3 e5 12. d4 cxd4 13. Nb5 Qb8 14. cxd4 O-O 15.
d5 a6 16. Nc3 a5 17. Bd3 Nc5 18. Bb5 Qc7 19. Nd2 Nh5 20. Nc4 Nf4 21. Na3 f5 22.
g3 Nh5 23. exf5 Qf7 24. Nc4 Rcd8 25. Bg5 Bf6 26. Be3 gxf5 27. Nxb6 Ng7 28. Nc4
Ne4 29. Nxe4 fxe4 30. Nb6 Kh8 31. Bh6 Qg6 32. Bxg7+ Bxg7 33. Rc1 Rf7 34. Qe2
Bh6 35. Rcd1 Rdf8 36. Nd7 Rd8 37. Nb6 Rdf8 38. Qxe4 Rxf2 39. Qxg6 hxg6 40. Nc4
Bc8 41. Rf1 Rc2 42. Rxf8+ Bxf8 43. Rf1 Bh6 44. Rf2 Rc1+ 45. Rf1 Rc2 46. Rf2
Rc1+ 47. Rf1 1/2-1/2

[Event "CRO Champ"]
[Site "Valpovo"]
[Date "2017.05.02"]
[Round "8.3"]
[White "Jovanic, Ognjen"]
[Black "Saric, Ante"]
[Result "1/2-1/2"]
[WhiteElo "2492"]
[BlackElo "2544"]
[PlyCount "55"]
[EventDate "2017.??.??"]
[WhiteClock "1:30:00"]
[BlackClock "1:30:00"]

1. d4 d5 2. Nf3 Nf6 3. c4 e6 4. Nc3 Be7 5. Bg5 O-O 6. e3 Nbd7 7. Qc2 h6 8. Bh4
c5 9. cxd5 Nxd5 10. Bxe7 Qxe7 11. Nxd5 exd5 12. b3 b6 13. Bd3 Bb7 14. O-O Rac8
15. Qe2 Rfd8 16. Rac1 Nf8 17. Rfd1 Ne6 18. Ba6 cxd4 19. Rxc8 Rxc8 20. Bxb7 Qxb7
21. Nxd4 Nxd4 22. Rxd4 Rc1+ 23. Rd1 Qc6 24. g3 Rc2 25. Rd2 Rc1+ 26. Rd1 Rc2 27.
Rd2 Rc1+ 28. Rd1 1/2-1/2

[Event "CRO Champ"]
[Site "Valpovo"]
[Date "2017.05.02"]
[Round "8.4"]
[White "Zelcic, Robert"]
[Black "Stevic, Hrvoje"]
[Result "1/2-1/2"]
[WhiteElo "2500"]
[BlackElo "2601"]
[PlyCount "21"]
[EventDate "2017.??.??"]
[WhiteClock "1:30:00"]
[BlackClock "1:30:00"]

1. Nf3 Nc6 2. e4 e5 3. d4 exd4 4. Nxd4 Nf6 5. Nxc6 bxc6 6. e5 Qe7 7. Qe2 Nd5 8.
c4 Nb6 9. Nc3 Qe6 10. Qe4 g6 11. f4 1/2-1/2

[Event "CRO Champ"]
[Site "Valpovo"]
[Date "2017.05.02"]
[Round "8.6"]
[White "Jovanovic, Zoran"]
[Black "Bosiocic, Marin"]
[Result "1/2-1/2"]
[WhiteElo "2533"]
[BlackElo "2610"]
[PlyCount "148"]
[EventDate "2017.??.??"]
[WhiteClock "1:27:00"]
[BlackClock "1:30:00"]

1. e4 e5 2. Nf3 Nc6 3. Bb5 a6 4. Ba4 Nf6 5. O-O Be7 6. Bxc6 dxc6 7. d3 Nd7 8.
Nbd2 O-O 9. Nc4 f6 10. Nh4 Nc5 11. Nf5 Bxf5 12. exf5 Re8 13. Qg4 Qd7 14. Re1 b5
15. Bh6 Bf8 16. Nd2 Qd4 17. Qxd4 exd4 18. Bf4 Na4 19. Nf3 Rxe1+ 20. Rxe1 c5 21.
Bc1 Nb6 22. Bd2 a5 23. g4 a4 24. Kf1 Bd6 25. h4 h5 26. gxh5 Kh7 27. Kg2 Nd5 28.
Kh3 a3 29. b4 cxb4 30. Nxd4 Be5 31. Re4 c5 32. Nxb5 Ra5 33. d4 Bb8 34. c4 Rxb5
35. cxb5 c4 36. Bxb4 Nxb4 37. d5 Nxa2 38. Rxc4 Bd6 39. Rc6 Nb4 40. Rc8 Nxd5 41.
Ra8 Nc7 42. Ra5 Bb4 43. Ra4 Nd5 44. Ra8 Bc5 45. f3 Nb6 46. Ra6 Nd5 47. Kg4 Kg8
48. Ra8+ Kf7 49. Ra6 Ne3+ 50. Kf4 Ke7 51. Ke4 Nc2 52. Ra8 Kd6 53. Kd3 Ne3 54.
Ra6+ Kd5 55. h6 gxh6 56. h5 Nxf5 57. Rxf6 Nd6 58. Rf8 Nxb5 59. Rd8+ Bd6 60. Ra8
Bc7 61. Kc2 Kc4 62. Ra4+ Kd5 63. Kb3 Nd4+ 64. Kxa3 Nxf3 65. Kb3 Bb6 66. Kc3
Bd4+ 67. Kd3 Ne5+ 68. Ke2 Ke4 69. Kf1 Nd3 70. Ra6 Be3 71. Kg2 Nf4+ 72. Kg3
Nxh5+ 73. Kg4 Ng7 74. Rg6 Bd4 1/2-1/2

[Event "CRO Champ"]
[Site "Valpovo"]
[Date "2017.05.03"]
[Round "9.1"]
[White "Bosiocic, Marin"]
[Black "Martinovic, Sasa"]
[Result "1/2-1/2"]
[WhiteElo "2610"]
[BlackElo "2651"]
[PlyCount "49"]
[EventDate "2017.??.??"]
[WhiteClock "1:26:00"]
[BlackClock "1:30:00"]

1. e4 e6 2. d4 d5 3. Nd2 Nc6 4. Ngf3 Nf6 5. e5 Nd7 6. Bd3 f6 7. exf6 Qxf6 8.
O-O Bd6 9. Nb3 O-O 10. c4 dxc4 11. Bxc4 Nb6 12. Bd3 e5 13. Bg5 Qf7 14. dxe5
Nxe5 15. Nxe5 Bxe5 16. f4 Bxb2 17. Bxh7+ Kxh7 18. Qc2+ Bf5 19. Qxb2 Rae8 20.
Rac1 c6 21. h3 Re3 22. Rfe1 Rxe1+ 23. Rxe1 Re8 24. Rxe8 Qxe8 25. Qf2 1/2-1/2

[Event "CRO Champ"]
[Site "Valpovo"]
[Date "2017.05.03"]
[Round "9.4"]
[White "Saric, Ante"]
[Black "Zelcic, Robert"]
[Result "1-0"]
[WhiteElo "2544"]
[BlackElo "2500"]
[PlyCount "125"]
[EventDate "2017.??.??"]
[WhiteClock "1:30:00"]
[BlackClock "1:30:00"]

1. Nf3 d5 2. g3 Nc6 3. d4 Bf5 4. Bg2 Nb4 5. Na3 e6 6. O-O Nf6 7. c3 Nc6 8. Nc2
Be7 9. Nce1 O-O 10. Nd3 Be4 11. b3 Nd7 12. Bb2 Bf6 13. e3 Ne7 14. Rc1 Rc8 15.
Ba3 c6 16. c4 Re8 17. Qd2 Nf5 18. Rfd1 h5 19. Nf4 g6 20. Ne2 Be7 21. Bb2 Nd6
22. c5 Nf5 23. Ne5 Bxg2 24. Kxg2 Nxe5 25. dxe5 b6 26. e4 dxe4 27. Qf4 Qc7 28.
cxb6 axb6 29. Qxe4 Red8 30. a4 Rxd1 31. Rxd1 Rd8 32. Rxd8+ Qxd8 33. Nd4 Nxd4
34. Qxd4 Qd5+ 35. Qxd5 exd5 36. f4 Bb4 37. h3 Kf8 38. g4 Bd2 39. Kf3 c5 40.
gxh5 gxh5 41. f5 Ke7 42. Ke2 Bg5 43. a5 bxa5 44. Ba3 Kd7 45. Bxc5 Bf4 46. Bd4
Kc6 47. Kd3 Kb5 48. e6 fxe6 49. fxe6 Bg5 50. Bg7 Kc6 51. Be5 Be7 52. Ke3 Bd6
53. Bf6 Bc5+ 54. Kf4 Kd6 55. Kf5 d4 56. Be5+ Ke7 57. Bf6+ Kd6 58. Bg5 Bb6 59.
Bd2 Ke7 60. Ke5 Bc7+ 61. Kd5 Bb6 62. Bg5+ Ke8 63. Ke4 1-0

[Event "CRO Champ"]
[Site "Valpovo"]
[Date "2017.05.03"]
[Round "9.6"]
[White "Kovacevic, Blazimir"]
[Black "Palac, Mladen"]
[Result "1/2-1/2"]
[WhiteElo "2483"]
[BlackElo "2573"]
[PlyCount "105"]
[EventDate "2017.??.??"]
[WhiteClock "1:30:00"]
[BlackClock "1:30:00"]

1. Nf3 d5 2. g3 Nf6 3. Bg2 c6 4. O-O Bg4 5. d4 e6 6. Nbd2 Be7 7. Re1 O-O 8. e4
c5 9. exd5 Nxd5 10. dxc5 Nd7 11. c6 bxc6 12. Nc4 Qc7 13. Qe2 Rfe8 14. Bd2 Bh5
15. Rad1 e5 16. Ba5 Qb7 17. Qf1 f6 18. Rc1 N7b6 19. Nfd2 Qa6 20. Bxb6 axb6 21.
Ne3 Nxe3 22. Rxe3 Red8 23. Rd3 Rxd3 24. cxd3 Qxa2 25. Rxc6 Qxb2 26. Rxb6 Qxb6
27. Bxa8 Qa5 28. Bf3 Bg6 29. Qe2 Qd8 30. Be4 Bf7 31. Nc4 g6 32. Bg2 Bc5 33. Ne3
Qd4 34. Nc4 Qa1+ 35. Qf1 Qa2 36. Bf3 h5 37. h4 Kg7 38. Qe2 Qb1+ 39. Kg2 Bd4 40.
Nd6 Be6 41. Ne8+ Kf7 42. Nd6+ Ke7 43. Nc4 Qb5 44. Ne3 Qc5 45. Nc2 Bb2 46. Ne3
Bc3 47. Qc2 f5 48. Qb1 Bb4 49. Qa1 Qa5 50. Qb2 Qc5 51. Qa1 Qa5 52. Qb2 Qc5 53.
Qa1 1/2-1/2

[Event "CRO Champ"]
[Site "Valpovo"]
[Date "2017.05.04"]
[Round "10.1"]
[White "Martinovic, Sasa"]
[Black "Palac, Mladen"]
[Result "1/2-1/2"]
[WhiteElo "2551"]
[BlackElo "2573"]
[PlyCount "24"]
[EventDate "2017.??.??"]
[WhiteClock "1:30:00"]
[BlackClock "1:30:00"]

1. d4 d5 2. c4 e6 3. Nc3 c6 4. e3 Nf6 5. Nf3 Nbd7 6. Qc2 Bd6 7. Bd3 O-O 8. O-O
dxc4 9. Bxc4 b5 10. Be2 Bb7 11. e4 e5 12. dxe5 Nxe5 1/2-1/2

[Event "CRO Champ"]
[Site "Valpovo"]
[Date "2017.05.04"]
[Round "10.3"]
[White "Zelcic, Robert"]
[Black "Brkic, Ante"]
[Result "1/2-1/2"]
[WhiteElo "2500"]
[BlackElo "2552"]
[PlyCount "78"]
[EventDate "2017.??.??"]
[WhiteClock "1:30:00"]
[BlackClock "1:30:00"]

1. e4 e5 2. Nf3 Nc6 3. Nc3 Nf6 4. d4 exd4 5. Nxd4 Bb4 6. Nxc6 bxc6 7. Bd3 d5 8.
exd5 cxd5 9. O-O O-O 10. h3 Re8 11. Qf3 c6 12. Bf4 Bd6 13. Rfe1 Be6 14. Rad1
Qb8 15. Bxd6 Qxd6 16. Ne2 Bd7 17. c3 c5 18. Ng3 Re5 19. Rxe5 Qxe5 20. b4 Rc8
21. Bf5 Bxf5 22. Qxf5 Qxf5 23. Nxf5 Kf8 24. b5 g6 25. Ne3 Rd8 26. a4 Ke7 27. f3
Ke6 28. Kf2 a6 29. b6 a5 30. g4 h6 31. h4 Rb8 32. g5 hxg5 33. hxg5 Nd7 34. Nxd5
Nxb6 35. Nc7+ Kf5 36. Rb1 Nd7 37. Rd1 Nb6 38. Rb1 Nd7 39. Rd1 Nb6 1/2-1/2

[Event "CRO Champ"]
[Site "Valpovo"]
[Date "2017.05.04"]
[Round "10.5"]
[White "Jovanovic, Zoran"]
[Black "Stevic, Hrvoje"]
[Result "1/2-1/2"]
[WhiteElo "2533"]
[BlackElo "2601"]
[PlyCount "22"]
[EventDate "2017.??.??"]
[WhiteClock "1:26:00"]
[BlackClock "1:30:00"]

1. e4 c6 2. d4 d5 3. e5 Bf5 4. h4 h5 5. Bd3 Bxd3 6. Qxd3 e6 7. Bg5 Be7 8. Bxe7
Nxe7 9. c3 Qb6 10. Nd2 Qa6 11. Qxa6 Nxa6 1/2-1/2

[Event "CRO Champ"]
[Site "Valpovo"]
[Date "2017.05.04"]
[Round "10.6"]
[White "Bosiocic, Marin"]
[Black "Kozul, Zdenko"]
[Result "1/2-1/2"]
[WhiteElo "2610"]
[BlackElo "2631"]
[PlyCount "108"]
[EventDate "2017.??.??"]
[WhiteClock "1:30:00"]
[BlackClock "1:30:00"]

1. d4 Nf6 2. c4 g6 3. Nc3 Bg7 4. e4 d6 5. Nf3 O-O 6. Be2 c6 7. O-O e5 8. d5 Na6
9. Be3 Ng4 10. Bg5 f6 11. Bh4 c5 12. Ne1 Nh6 13. f3 Nf7 14. Nd3 Bh6 15. Bf2 f5
16. Rb1 b6 17. b4 Nc7 18. bxc5 bxc5 19. Qe1 Ne8 20. Bd1 fxe4 21. Nxe4 Bf5 22.
Rb3 Nf6 23. Bh4 Bxe4 24. fxe4 Bg5 25. Bg3 h5 26. h4 Bh6 27. Nf2 Rb8 28. Nh3
Rxb3 29. axb3 Kg7 30. Kh1 Qe7 31. Bf2 Rb8 32. Bg1 Rb6 33. Bc2 Ng4 34. g3 Ra6
35. Rf3 Qc7 36. Nf2 Nf6 37. b4 cxb4 38. Qxb4 Ra2 39. Bb1 Rd2 40. Qa4 Nd7 41.
Qc6 Qd8 42. Qb7 a5 43. Bd3 Nf6 44. Bf1 Qd7 45. Qc6 Qe7 46. Rb3 Rxf2 47. Bxf2
Nxe4 48. Be1 Bd2 49. Bxd2 Nxd2 50. Rb7 Qf6 51. Bg2 Nf1 52. Bxf1 Qxf1+ 53. Kh2
Qf2+ 54. Kh1 Qf1+ 1/2-1/2

[Event "CRO Champ"]
[Site "Valpovo"]
[Date "2017.05.05"]
[Round "11.1"]
[White "Kozul, Zdenko"]
[Black "Martinovic, Sasa"]
[Result "1/2-1/2"]
[WhiteElo "2631"]
[BlackElo "2551"]
[PlyCount "160"]
[EventDate "2017.??.??"]
[WhiteClock "0:03:57"]
[BlackClock "1:30:00"]

1. Nf3 d5 2. g3 Nf6 3. Bg2 Bf5 4. d3 e6 5. Nh4 Bg4 6. h3 Bh5 7. f4 c6 8. O-O
Bc5+ 9. Kh1 Nfd7 10. Qe1 f6 11. e4 O-O 12. g4 Bf7 13. Nf3 dxe4 14. Qxe4 e5 15.
fxe5 Nxe5 16. Nxe5 Bd5 17. Nxc6 bxc6 18. Qf5 Re8 19. Nc3 Bxg2+ 20. Kxg2 Nd7 21.
Ne4 Bb6 22. Bd2 Ne5 23. Rae1 Qd4 24. Bc3 Qd5 25. b3 Bd4 26. Bxd4 Qxd4 27. Qf2
Qd7 28. Qg3 Kh8 29. Re2 Re7 30. Ref2 h6 31. Rf5 Rae8 32. R1f2 Nf7 33. Qf4 Ng5
34. Nc5 Qd8 35. h4 Ne6 36. Nxe6 Rxe6 37. g5 fxg5 38. hxg5 Rg6 39. Kf1 Kh7 40.
gxh6 Qe7 41. Qe4 Qd7 42. Qh4 Rxh6 43. Rh5 Qe6 44. Rxh6+ gxh6 45. Qe4+ Qxe4 46.
dxe4 Kg6 47. Rd2 Rxe4 48. Rd6+ Kg5 49. Rxc6 Rf4+ 50. Kg2 Rg4+ 51. Kf3 Rf4+ 52.
Ke3 Rf7 53. Rc8 h5 54. Rg8+ Kf5 55. Kf3 Ke5+ 56. Kg3 Kd4 57. Rc8 Rf5 58. b4 a5
59. c3+ Kd3 60. Rc5 Rf1 61. bxa5 Ra1 62. Kh4 Rxa2 63. Kxh5 Rg2 64. Kh6 Ke4 65.
Kh7 Rg1 66. Rc4+ Kd5 67. Ra4 Re1 68. a6 Re7+ 69. Kg6 Ra7 70. Kf6 Kc5 71. Ke6
Kb5 72. Ra1 Kc6 73. Rd1 Kb5 74. Rd5+ Kxa6 75. c4 Rh7 76. Kd6 Kb7 77. Rb5+ Kc8
78. Ra5 Kb7 79. Rb5+ Kc8 80. Re5 Rh6+ 1/2-1/2

[Event "CRO Champ"]
[Site "Valpovo"]
[Date "2017.05.05"]
[Round "11.2"]
[White "Stevic, Hrvoje"]
[Black "Bosiocic, Marin"]
[Result "1/2-1/2"]
[WhiteElo "2601"]
[BlackElo "2610"]
[PlyCount "120"]
[EventDate "2017.??.??"]
[WhiteClock "1:30:00"]
[BlackClock "1:30:00"]

1. e4 e5 2. Nf3 Nc6 3. d4 exd4 4. Nxd4 Bc5 5. Nxc6 Qf6 6. Qf3 Qxf3 7. gxf3 bxc6
8. Nd2 Ne7 9. Nb3 Bb6 10. a4 a5 11. Be3 Bxe3 12. fxe3 d6 13. O-O-O O-O 14. Rg1
Kh8 15. f4 f5 16. e5 dxe5 17. Bc4 Ng6 18. Rd3 Ba6 19. Bxa6 Rxa6 20. Rd7 exf4
21. exf4 Rb6 22. Nc5 Rb4 23. b3 Rg8 24. Ne6 Nxf4 25. Rgxg7 Rxg7 26. Nxg7 Ne2+
27. Kb2 Nd4 28. Nh5 Ne6 29. Re7 Nf8 30. Rf7 Ne6 31. Re7 Nf8 32. Re5 Rh4 33.
Rxf5 Kg8 34. Rxa5 Kf7 35. Rf5+ Ke7 36. a5 Nd7 37. a6 Rxh2 38. Nf4 Rh6 39. c4
Rh2+ 40. Ka3 Rh1 41. Rh5 Ra1+ 42. Kb4 Rxa6 43. Rxh7+ Ke8 44. Kc3 c5 45. Nd5 Rc6
46. Kb2 Nf8 47. Rh8 Kf7 48. Kc3 Ne6 49. Rh7+ Ke8 50. Kd3 Rd6 51. Rh8+ Kd7 52.
Ke4 Kc6 53. Re8 Kb7 54. Re7 Rc6 55. Re8 Nd4 56. b4 Re6+ 57. Rxe6 Nxe6 58. Ke5
Nd4 59. bxc5 Nb3 60. Nxc7 Kxc7 1/2-1/2

[Event "CRO Champ"]
[Site "Valpovo"]
[Date "2017.05.05"]
[Round "11.4"]
[White "Brkic, Ante"]
[Black "Saric, Ivan"]
[Result "1/2-1/2"]
[WhiteElo "2552"]
[BlackElo "2609"]
[PlyCount "144"]
[EventDate "2017.??.??"]
[WhiteClock "1:30:00"]
[BlackClock "1:30:00"]

1. e4 c6 2. d4 d5 3. Nc3 dxe4 4. Nxe4 Nd7 5. Nf3 Ngf6 6. Nxf6+ Nxf6 7. c3 Qc7
8. Bd3 Bg4 9. h3 Bh5 10. Be2 e6 11. Ne5 Bxe2 12. Qxe2 Bd6 13. Nc4 O-O 14. Nxd6
Qxd6 15. O-O Rfe8 16. Re1 b5 17. Bg5 Nd5 18. Rac1 h6 19. Bd2 a6 20. Red1 Ne7
21. Be3 Rad8 22. f3 Nd5 23. Bf2 e5 24. dxe5 Rxe5 25. Qc2 Qe7 26. Re1 Nf4 27.
Rxe5 Qxe5 28. Kf1 Qg5 29. Be3 Qf6 30. Rd1 Nd5 31. Bf2 Qg5 32. Re1 Nf4 33. Be3
Qd5 34. Bxf4 Qc4+ 35. Qe2 Qxf4 36. Qe4 Qh2 37. Qe5 Qh1+ 38. Kf2 Rd2+ 39. Re2
Rxe2+ 40. Qxe2 Qc1 41. h4 Kf8 42. Kg3 g6 43. f4 h5 44. Kf3 Qb1 45. a3 Qf5 46.
Kg3 a5 47. Qf3 a4 48. Qf2 c5 49. Kh2 Ke7 50. Qe2+ Kd6 51. g3 Kc6 52. Kg2 Qe6
53. Qc2 Qd5+ 54. Kf2 Qh1 55. Ke3 Qe1+ 56. Kf3 Qf1+ 57. Ke3 Kd6 58. Qd2+ Kc6 59.
Qc2 Qe1+ 60. Kf3 f5 61. Qe2 Qh1+ 62. Kf2 Qe4 63. Qxe4+ fxe4 64. g4 Kd6 65. gxh5
gxh5 66. Ke3 Kd5 67. f5 Ke5 68. f6 Kxf6 69. Kxe4 Ke6 70. Kf4 Kf6 71. Ke4 Ke6
72. Kf4 Kf6 1/2-1/2

[Event "CRO Champ"]
[Site "Valpovo"]
[Date "2017.05.05"]
[Round "11.5"]
[White "Kovacevic, Blazimir"]
[Black "Zelcic, Robert"]
[Result "1/2-1/2"]
[WhiteElo "2483"]
[BlackElo "2500"]
[PlyCount "171"]
[EventDate "2017.??.??"]
[WhiteClock "1:30:00"]
[BlackClock "1:30:00"]

1. Nf3 d5 2. g3 Nc6 3. d4 Bf5 4. Bg2 Nb4 5. Na3 e6 6. O-O h6 7. Ne5 Bd6 8. Bd2
c6 9. c3 Na6 10. Nc2 Nf6 11. Ne3 Be4 12. f3 Bh7 13. N3g4 Nxg4 14. Nxg4 O-O 15.
e4 c5 16. exd5 exd5 17. f4 cxd4 18. Bxd5 Bd3 19. Rf2 Nc7 20. Bxb7 Rb8 21. Qf3
Bf5 22. Ne5 dxc3 23. Bxc3 Rxb7 24. Qxb7 Bc5 25. Qf3 Nb5 26. Rd1 Qb6 27. Nd7
Bxd7 28. Rxd7 Nxc3 29. bxc3 Re8 30. Rdd2 Bxf2+ 31. Rxf2 Re3 32. Qa8+ Kh7 33.
Kg2 Rxc3 34. Qe4+ Qg6 35. f5 Qf6 36. h4 Rc5 37. Kh2 Ra5 38. Kh3 Rc5 39. Kh2 a5
40. Kh3 Rb5 41. Kh2 Rb4 42. Qd5 a4 43. Qd2 Rd4 44. Qe3 Qd6 45. Kg2 Rd3 46. Qf4
Qd5+ 47. Kh2 Rd4 48. Qf3 Qxf3 49. Rxf3 Rd2+ 50. Kh3 Rxa2 51. Rc3 Rb2 52. Rc7 f6
53. Ra7 Rb4 54. Ra8 h5 55. Kg2 Rb2+ 56. Kh3 Ra2 57. Rb8 a3 58. Ra8 g6 59. Ra7+
Kh6 60. Ra6 Ra1 61. Kg2 a2 62. fxg6 Kxg6 63. Ra5 Kf7 64. Ra7+ Ke6 65. Ra6+ Ke5
66. Ra5+ Kd4 67. Ra8 Ke4 68. Re8+ Kf5 69. Ra8 Kg6 70. Ra6 Kg7 71. Ra7+ Kh6 72.
Ra6 Kg6 73. Kh2 Kf5 74. Kg2 Kg6 75. Kh2 Kf7 76. Kg2 f5 77. Kh2 Ke7 78. Kg2 Kd7
79. Ra8 Kc6 80. Ra6+ Kb5 81. Ra8 Kc4 82. Rc8+ Kd5 83. Rd8+ Ke6 84. Re8+ Kf6 85.
Rf8+ Kg6 86. Rg8+ 1/2-1/2